| 000 | 00726nam a22001937a 4500 | ||
|---|---|---|---|
| 008 | 260122b |||||||| |||| 00| 0 eng d | ||
| 020 | _a97803234854563 | ||
| 050 |
_aRT76 _b .S54 2020 |
||
| 245 |
_aSheehy's emergency nursing : _bprinciples and practice / _cedited by Marianne Chulay, Suzanne Burns. |
||
| 250 | _a7th edition. | ||
| 260 |
_aSt. Louis, Missouri : _bElsevier, _c2016 |
||
| 300 |
_axii, 673p. : _bcolor illustrations ; _c28cm |
||
| 504 | _aIncludes bibliographical references and index. | ||
| 650 |
_aEmergency nursing _vTextbooks. |
||
| 650 |
_aTrauma nursing _vTextbooks. |
||
| 650 | _aCritical care nursing. | ||
| 650 | _aEmergency medical services. | ||
| 942 |
_2lcc _hRT76 .S54 2020 _cBOOKS |
||
| 999 |
_c32352 _d32352 |
||